| 000 | 02447nam a22003617a 4500 | ||
|---|---|---|---|
| 999 |
_c22050 _d22050 |
||
| 003 | AR-CdUCM | ||
| 008 | 190515b ||||| |||| 00| 0 spa d | ||
| 040 |
_aMUNICIPALIDAD PROVINCIAL DEL CUSCO _cBIBLIOTECA MUNICIPAL DEL CUSCO |
||
| 082 | _aMVirreynal/N°1/1965 | ||
| 110 |
_aCasa de la Cultura departamental del Cuzco _947291 |
||
| 245 |
_aRevista del Museo Virreynal / _cCasa de la Cultura del Perú, Casa de la Cultura departamental del Cuzco, Museo Virreynal Cuzco |
||
| 260 |
_aCusco : _bH.G.Rozas, _bMuseo Virreynal Cuzco, _c1965. |
||
| 300 |
_a56 páginas. : _bilustraciones ; _c28 cm. |
||
| 440 |
_aRevista del Museo Virreynal. _nAño I, N°1, diciembre 1965. _947292 |
||
| 505 | _aContenido: El destino cultural de América. Alfredo Yépez Miranda. -- Connotados juristas y magistrados una resolución expedida por la audiencia cuzqueña. Alcides F. Estrada. -- Por la defensa de nuestros monumentos arqueológicos. Luis A. Pardo. -- Tambo de Montero época del Marquéz de Mancera. Clorinda Matto De Turner. -- Instituto de Investigaciones Estéticas. Mariano Fuentes Lira. -- Trabajos de reconstrucción de los monumentos coloniales después del sismo de 1950 Arquitectura religiosa. Oscar Ladron de Guevara Avilés. -- El Museo Vírreynal. Carmela Pérez De Alarcón -- El cura pintor Antonio Valdéz y Ugarte. Teófilo Benavente. -- Canto al Cuzco y sus piedras sagradas. Luis Nieto -- Los heraldos negros. Cesar Vallejo -- Yana Chasquicuna, versión de los heraldos negros de Vallejo al Kechua. Efraín Chavarría. -- Antonia Vega Centeno Bocangel. Carmela Pérez de Alarcón. Homenaje del Museo a los pintores de los siglos XVII y XVIII. Teófilo Benavente. -- Joyas de Arte del Museo Virreynal. | ||
| 650 |
_aArquitectura religiosa _95651 |
||
| 650 |
_aPintura cusqueña _97254 |
||
| 650 |
_aArte cusqueño _913165 |
||
| 650 |
_aObras de arte _913563 |
||
| 650 |
_aClorinda Matto De Turner _929945 |
||
| 700 |
_aYépez Miranda, Alfredo _94230 |
||
| 700 |
_aEstrada, Alcides _947179 |
||
| 700 |
_aPardo, Luis A _925736 |
||
| 700 |
_aFuentes Lira, Mariano _936631 |
||
| 700 |
_aLadrón de Guevara Avilés, Oscar _946572 |
||
| 700 |
_aBenavente Velarde, Teófilo _93145 |
||
| 700 |
_aNieto Miranda, Luis _931822 |
||
| 710 |
_aCasa de la Cultura del Perú _96211 |
||
| 710 |
_aMuseo Virreynal Cuzco _947293 |
||
| 856 |
_uhttp://bvirtual.culturacusco.gob.pe/items/show/23 _zLeer digital |
||
| 942 |
_2ddc _cPP |
||
| 945 | _avhl | ||